| 000 | 00583nam a2200205Ia 4500 | ||
|---|---|---|---|
| 001 | 5738 | ||
| 003 | GE_BSU | ||
| 008 | 181216s||||||||xx |||||||||||||| ||und|| | ||
| 040 | _cGE_BSU | ||
| 080 | _a517.5 | ||
| 100 | _aГусман М. | ||
| 245 | _aДифференцирование интегралов в R"n. | ||
| 245 | _cпер. с английскогоВ.А. Скворцова | ||
| 260 | _aМосква | ||
| 260 | _bМир | ||
| 260 | _c1978 | ||
| 300 | _a198с. 21 см. | ||
| 653 | _aДифференцирование интегралов в R"n. | ||
| 942 | _cBK | ||
| 999 |
_c39155 _d39155 |
||